| 000 | 00666aam a2200265 4500 | ||
|---|---|---|---|
| 005 | 20231115102339.0 | ||
| 008 | 150602b1998 xxu||||| |||| 00| 0 spa d | ||
| 020 | _a9789701700488 | ||
| 041 | _aESP | ||
| 082 | _a629.83 O34i3 | ||
| 100 |
_aOgata, Katsuhiko _910027 |
||
| 245 | _aIngeniería de control moderna | ||
| 250 | _a3 edición | ||
| 260 | _aMéxico | ||
| 260 | _bPrentice-Hall | ||
| 260 | _c1998 | ||
| 300 | _a997 páginas | ||
| 650 | _aINGENIERÍA DE CONTROL | ||
| 650 | _aSISTEMAS DE CONTROL | ||
| 650 | _aMATRIZ | ||
| 650 | _aCIRCUITO DE ATRASO | ||
| 650 | _aAMPLIFICADORES | ||
| 942 |
_cBK _2ddc |
||
| 999 |
_c1093 _d1093 |
||